100 Größte Städte in Deutschland - Statistiken

Allgemein
  • Dieses Quiz wurde 1.060 mal gespielt
  • Das Durchschnittsergebnis liegt bei 67 aus 100
Antwortstatistiken
Population Stadt % Korrekt
3,644,826 Berlin
99%
1,841,179 Hamburg
98%
1,471,508 München
98%
753,056 Frankfurt
96%
1,085,664 Köln
96%
634,830 Stuttgart
95%
569,352 Bremen
94%
619,294 Düsseldorf
94%
554,649 Dresden
93%
587,857 Leipzig
93%
587,010 Dortmund
92%
518,365 Nürnberg
92%
583,109 Essen
91%
538,068 Hannover
91%
247,548 Kiel
90%
217,118 Mainz
87%
295,135 Augsburg
85%
208,886 Rostock
85%
327,258 Bonn
84%
309,370 Mannheim
84%
178,089 Potsdam
84%
180,741 Saarbrücken
84%
247,380 Aachen
83%
364,628 Bochum
83%
238,697 Magdeburg
83%
498,590 Duisburg
81%
213,699 Erfurt
81%
313,092 Karlsruhe
81%
333,786 Bielefeld
80%
247,235 Chemnitz
79%
260,654 Gelsenkirchen
79%
314,319 Münster
79%
278,342 Wiesbaden
79%
126,329 Ulm
78%
111,407 Jena
77%
217,198 Lübeck
77%
124,151 Wolfsburg
77%
248,292 Braunschweig
76%
152,610 Regensburg
76%
95,818 Schwerin
76%
354,382 Wuppertal
76%
136,981 Ingolstadt
75%
201,585 Kassel
75%
127,748 Fürth
73%
239,257 Halle
73%
160,355 Heidelberg
73%
163,838 Leverkusen
73%
113,634 Bremerhaven
72%
159,207 Darmstadt
72%
261,454 Mönchengladbach
72%
164,748 Osnabrück
72%
99,845 Kaiserslautern
71%
114,024 Koblenz
71%
110,636 Trier
71%
127,880 Würzburg
70%
150,580 Paderborn
69%
100,219 Cottbus
68%
89,504 Flensburg
68%
168,210 Oldenburg
67%
171,061 Ludwigshafen am Rhein
66%
210,829 Oberhausen
65%
179,111 Hamm
64%
128,744 Offenbach am Main
64%
119,801 Göttingen
62%
227,020 Krefeld
62%
94,152 Gera
60%
111,966 Bergisch Gladbach
57%
111,962 Erlangen
57%
159,360 Solingen
57%
188,814 Hagen
55%
125,960 Heilbronn
55%
156,374 Herne
55%
102,836 Siegen
54%
125,542 Pforzheim
53%
112,267 Recklinghausen
53%
89,540 Zwickau
53%
153,796 Neuss
52%
115,966 Reutlingen
51%
117,383 Bottrop
50%
101,990 Hildesheim
49%
84,760 Konstanz
49%
88,546 Gießen
47%
96,023 Hanau
47%
170,880 Mülheim an der Ruhr
47%
90,546 Tübingen
47%
110,636 Salzgitter
46%
110,994 Remscheid
44%
103,725 Moers
43%
100,194 Gütersloh
42%
93,499 Ludwigsburg
41%
83,542 Worms
37%
230,241 Freiburg im Breisgau
36%
93,542 Esslingen am Neckar
34%
85,181 Villingen-Schwenningen
34%
96,563 Witten
32%
90,733 Düren
30%
92,666 Iserlohn
29%
86,449 Lünen
23%
87,297 Ratingen
23%
83,941 Marl
22%
Keine übereinstimmenden Quizze gefunden
Verteilung der Resultate
Anzahl Personen mit jedem Resultat
Perzentil nach korrekt beantworteten Fragen
Ihre Resultats-Entwicklung
Sie haben dieses Quiz noch nicht gespielt